Beginning to Read, Write and Listen. Beginning Dd. Letter Book 5 Children

Đã lưu trong:
Bibliografiske detaljer
Hovedforfatter: Mc, Macmillan
Format: Bog
Sprog:English
Udgivet: McGraw Hill Companies Inc 2003
Fag:
Tags: Tilføj Tag
Ingen Tags, Vær først til at tagge denne postø!
Thư viện lưu trữ: Mạng thư viện Đại học Đà Nẵng
LEADER 00995nam a22002651a 4500
001 000034638
003 10844
005 20151027134232.0
008 151027s2003 000 eng
020 |a 0021908540 
041 |a eng 
082 |a 420.8  |b MC-M  |2 Children 
100 |a Mc, Macmillan 
245 |a Beginning to Read, Write and Listen. Beginning Dd. Letter Book 5  |c Macmillan Mc  |n Children 
260 |a McGraw Hill Companies Inc  |c 2003 
300 |a 37p. : ill ; 30cm 
650 |a Beginning to Read, Write and Listen. Beginning Dd. Letter Book 5, Read, Write, Listen, D, Letter Book 5 
OWN |a LNN 
AVA |a UDN50  |b LNN  |d 420.8 MC-M  |e available  |t Error 5001 Not defined in file expand_doc_bib_avail.  |f 2  |g 0  |h N  |i 0  |k 1 
999 |a From the UDN01 
AVA |a UDN50  |b LNN  |d 420.8 MC-M  |e available  |t Error 5001 Not defined in file expand_doc_bib_avail.  |f 2  |g 0  |h N  |i 0  |k 1 
TYP |a Monograph 
980 |a Mạng thư viện Đại học Đà Nẵng